Larry: discographie - Statistiques

Statistiques générales
  • Ce quiz a été pris 18 fois
  • Le résultat moyen est 41 sur 83
Statistiques - réponses
Année de sortie Titre % Correct
2020 Enfant compliqué
100%
2019 Sacoche
100%
2020 Cité blanche
91%
2019 Woin Woin
91%
2019 Block
82%
2019 Gaz
82%
2024 Go
73%
2020 187
64%
2021 Booster
64%
2021 Double L
64%
2020 Question réponse
64%
2021 Sirène
64%
2024 Batman
55%
2022 Beep Bip
55%
2020 Cocaina
55%
2021 Colis
55%
2020 En bas
55%
2022 En Pépé 1
55%
2022 En Pépé 2
55%
2022 En Pépé 3
55%
2022 En Pépé 4
55%
2023 En Pépé 5
55%
2021 Goosebumps
55%
2020 Gun
55%
2020 Hey boy
55%
2020 Maman me disait
55%
2021 Moonwalk
55%
2021 Noblabla
55%
2020 Tieks
55%
2024 1 Pour Tous
45%
2023 3PRL
45%
2021 6T
45%
2021 Baby
45%
2019 Beatles
45%
2024 Briller
45%
2024 Canigrr
45%
2024 CDS
45%
2023 Coeur Crade
45%
2020 Drugs
45%
2018 Freeberiz 1
45%
2023 Indica
45%
2021 Intro (Gothvm)
45%
2024 Jacte
45%
2024 Malsain
45%
2024 No Back
45%
2022 Nohalal
45%
2021 Off White
45%
2019 Pasta
45%
2020 Paye
45%
2022 Rose
45%
2020 Routine
45%
2024 Signal#1
45%
2025 Signal#2
45%
2023 TCMV
45%
2020 Tuba
45%
2021 VNTM
45%
2024 911
36%
2019 Abattue
36%
2020 Amtramgram
36%
2021 Barode
36%
2024 Bentayga
36%
2018 Bling
36%
2019 Booska Beriz
36%
2020 C'est mort
36%
2018 Cible
36%
2021 Crackfood
36%
2018 Freeberiz 2
36%
2018 Freeberiz 3
36%
2018 Freeberiz 4
36%
2020 Freeberiz 5
36%
2019 Gamme
36%
2024 Hé Hé
36%
2019 Hood
36%
2020 Jamais
36%
2024 Okocha
36%
2024 Pouki Poukave
36%
2024 Prada
36%
2020 Rachet
36%
2023 Sape Nwar
36%
2024 Thanks
36%
2024 Tour Du Monde
36%
2021 Voeux
36%
2021 Zig Zag
36%
Aucun quiz correspondant
Distribution des résultats
% des personnes avec chaque résultat
Percentile par nombre de réponses
Votre historique - résultats
Vous n’avez pas pris ce quiz